[Event "BEL-ch op"]
[Site "Antwerp"]
[Date "2011.07.02"]
[Round "1.1"]
[White "Van Bunderen, Gert"]
[Black "Zozulia, Anna"]
[Result "0-1"]
[WhiteElo "1833"]
[BlackElo "2381"]
[PlyCount "94"]
[EventDate "2011.07.02"]
[EventType "swiss"]
[EventRounds "9"]
[EventCountry "BEL"]
[SourceTitle "CBM 143 Extra"]
[Source "ChessBase"]
[SourceDate "2011.08.29"]
[SourceVersion "1"]
[SourceVersionDate "2011.08.29"]
[SourceQuality "1"]

1. e4 c5 2. Nf3 Nc6 3. Bb5 e6 4. 0-0 Nge7 5. d4 cxd4 6. Nxd4 Qb6 7. Bxc6 Nxc6 8. Nxc6 Qxc6 9. Qd3 b5 10. Re1 Bb7 11. f3 Rc8 12. c3 d5 13. exd5 Qxd5 14. Qxd5 Bxd5 15. Be3 a5 16. Nd2 Be7 17. Bd4 0-0 18. Nf1 Bc6 19. Ne3 Bd6 20. Rad1 Bc7 21. Ng4 Rfd8 22. Bf2 h5 23. Ne3 f6 24. c4 Kf7 25. b3 Be5 26. cxb5 Bxb5 27. Rxd8 Rxd8 28. Rd1 Rc8 29. Be1 a4 30. bxa4 Bxa4 31. Rb1 g5 32. Kh1 f5 33. Bd2 f4 34. Nf1 Rc2 35. Re1 Kf6 36. a3 g4 37. Bb4 Bc6 38. Nd2 Kf5 39. Ne4 gxf3 40. gxf3 Bxe4 41. fxe4+ Kg4 42. Rf1 f3 43. h3+ Kf4 44. Be7 Kxe4 45. a4 Bg3 46. a5 Rh2+ 47. Kg1 f2+ 0-1

[Event "Brasschaat op 06th"]
[Site "Brasschaat"]
[Date "2006.08.20"]
[Round "2"]
[White "Van den Brande, Werner"]
[Black "Van Bunderen, Gert"]
[Result "1-0"]
[WhiteElo "2226"]
[BlackElo "1825"]
[PlyCount "87"]
[EventDate "2006.08.19"]
[EventType "swiss"]
[EventRounds "9"]
[EventCountry "BEL"]
[SourceTitle "CBM 113 Extra"]
[Source "ChessBase"]
[SourceDate "2006.09.14"]
[SourceVersion "1"]
[SourceVersionDate "2006.09.14"]
[SourceQuality "1"]

1. e4 e5 2. Nf3 Nf6 3. Nxe5 d6 4. Nf3 Nxe4 5. d4 d5 6. Bd3 Be7 7. 0-0 0-0 8. c4 Nf6 9. h3 b6 10. Nc3 Bb7 11. Re1 Nbd7 12. Bg5 Re8 13. Ne5 c5 14. Nxd7 Qxd7 15. cxd5 cxd4 16. Bb5 Qf5 17. Bxf6 Bxf6 18. Rxe8+ Rxe8 19. Bxe8 dxc3 20. bxc3 Bxd5 21. Qe2 Bxc3 22. Rd1 Bf6 23. Bd7 Qxd7 24. Rxd5 Qc6 25. Qd2 h6 26. g3 b5 27. Rd6 Qe4 28. Rd7 Bg5 29. Qd5 Qxd5 30. Rxd5 b4 31. Ra5 Bd2 32. Rxa7 g6 33. Kf1 Kg7 34. Ke2 Bc3 35. Rc7 Be5 36. Rc6 Bf6 37. Kd3 Be7 38. f3 h5 39. Kc4 g5 40. Rb6 f5 41. g4 fxg4 42. fxg4 hxg4 43. hxg4 Kf7 44. Kd5 1-0

[Event "Brasschaat op 05th"]
[Site "Brasschaat"]
[Date "2005.08.24"]
[Round "5"]
[White "Todts, Benny"]
[Black "Van Bunderen, Gert"]
[Result "1-0"]
[WhiteElo "1950"]
[BlackElo "1959"]
[PlyCount "93"]
[EventDate "2005.08.20"]
[EventType "swiss"]
[EventRounds "9"]
[EventCountry "BEL"]
[SourceTitle "CBM 108 Extra"]
[Source "ChessBase"]
[SourceDate "2005.11.04"]
[SourceVersion "1"]
[SourceVersionDate "2005.11.04"]
[SourceQuality "1"]

1. e4 e5 2. d4 exd4 3. Qxd4 Nc6 4. Qe3 b6 5. Nc3 Nf6 6. Bc4 Ne5 7. Bb3 Bc5 8. Qg3 Neg4 9. Nh3 d6 10. Ba4+ Kf8 11. Bc6 Ne5 12. Bxa8 Bxh3 13. Qxh3 Qxa8 14. 0-0 h5 15. Be3 Bxe3 16. Qxe3 Qc8 17. Nd5 Nfg4 18. Qc3 c6 19. Ne3 Nf6 20. f3 h4 21. Nf5 Qe6 22. Qa3 Nc4 23. Qxa7 g6 24. Qa8+ Ne8 25. Nd4 Qe5 26. c3 Ne3 27. Rf2 Kg7 28. Qxc6 Nf6 29. Qb5 Qf4 30. Qe2 Nh5 31. Re1 h3 32. Qxe3 Qh4 33. g4 Nf6 34. Qf4 Nh5 35. Qxd6 Rd8 36. Qe5+ Kh7 37. gxh5 Rg8 38. h6 Qxh6 39. Qg3 Rc8 40. f4 Rc5 41. e5 b5 42. Rf3 Kg8 43. Qxh3 Qg7 44. Nf5 Qf8 45. Nh6+ Kg7 46. Ng4 Rc6 47. Qh6+ 1-0

[Event "Brasschaat op 04th"]
[Site "Brasschaat"]
[Date "2004.08.24"]
[Round "4"]
[White "Van Bunderen, Gert"]
[Black "Duhayon, Yves"]
[Result "0-1"]
[WhiteElo "1935"]
[BlackElo "2211"]
[PlyCount "30"]
[EventDate "2004.08.21"]
[EventType "swiss"]
[EventRounds "9"]
[EventCountry "BEL"]
[SourceTitle "EXT 2017"]
[Source "ChessBase"]
[SourceDate "2016.10.25"]
[SourceVersion "1"]
[SourceVersionDate "2016.10.25"]
[SourceQuality "1"]

1. e4 e5 2. Nf3 Nc6 3. Bb5 g6 4. d3 Bg7 5. Nc3 Nge7 6. Bg5 h6 7. Bd2 0-0 8. Qc1 Kh7 9. Nd5 Nxd5 10. exd5 Ne7 11. c4 c6 12. Ba4 cxd5 13. cxd5 Nxd5 14. Bb3 Nf4 15. 0-0 Ne2+ 0-1

[Event "Brasschaat op 04th"]
[Site "Brasschaat"]
[Date "2004.08.23"]
[Round "3"]
[White "Van Bunderen, Gert"]
[Black "Lavrenov, Yuli"]
[Result "0-1"]
[WhiteElo "1935"]
[BlackElo "2139"]
[PlyCount "108"]
[EventDate "2004.08.21"]
[EventType "swiss"]
[EventRounds "9"]
[EventCountry "BEL"]
[SourceTitle "EXT 2017"]
[Source "ChessBase"]
[SourceDate "2016.10.25"]
[SourceVersion "1"]
[SourceVersionDate "2016.10.25"]
[SourceQuality "1"]

1. e4 e5 2. Nf3 Nc6 3. Bb5 a6 4. Ba4 Nf6 5. 0-0 Be7 6. Re1 b5 7. Bb3 0-0 8. c3 d6 9. d3 Na5 10. Bc2 c5 11. Nbd2 Nd7 12. Nf1 Bf6 13. Ne3 Nb6 14. h3 g6 15. Rb1 Bg7 16. b4 Nc6 17. Ba3 cxb4 18. cxb4 Nd4 19. Nxd4 exd4 20. Nd5 Nxd5 21. exd5 Bf5 22. Bb2 Rc8 23. g4 Bd7 24. Bb3 f5 25. Kg2 fxg4 26. hxg4 Qh4 27. f3 Be5 28. Rxe5 dxe5 29. Qe2 Qf6 30. Re1 Rfe8 31. Qe4 Kg7 32. Rh1 Rc3 33. Bxc3 dxc3 34. Rc1 Rc8 35. Qe1 h5 36. Rxc3 hxg4 37. fxg4 Bxg4 38. Rxc8 Bxc8 39. Qe3 Qf4 40. Qxf4 exf4 41. Kf3 g5 42. d4 Kf6 43. d6 Be6 44. d5 Bf5 45. a4 Ke5 46. axb5 g4+ 47. Ke2 axb5 48. Bc2 Bd7 49. Bb3 Kxd6 50. Kf2 Ke5 51. Kg2 Kd4 52. Kf2 Kc3 53. Bd1 Kxb4 54. Bc2 Kc5 0-1

[Event "Brasschaat op 04th"]
[Site "Brasschaat"]
[Date "2004.08.22"]
[Round "2"]
[White "Cools, Gorik"]
[Black "Van Bunderen, Gert"]
[Result "0-1"]
[WhiteElo "2309"]
[BlackElo "1935"]
[PlyCount "76"]
[EventDate "2004.08.21"]
[EventType "swiss"]
[EventRounds "9"]
[EventCountry "BEL"]
[SourceTitle "EXT 2017"]
[Source "ChessBase"]
[SourceDate "2016.10.25"]
[SourceVersion "1"]
[SourceVersionDate "2016.10.25"]
[SourceQuality "1"]

1. c4 e5 2. Nc3 Nf6 3. g3 g6 4. Bg2 Nc6 5. e3 Bg7 6. Nge2 d6 7. d3 0-0 8. 0-0 Rb8 9. a3 Be6 10. Nd5 Ne7 11. Nec3 Nd7 12. Nxe7+ Qxe7 13. Nd5 Qd8 14. Qc2 c6 15. Nc3 f5 16. f4 exf4 17. gxf4 Qh4 18. Bd2 Rbe8 19. Rab1 g5 20. Be1 Qh6 21. Bg3 Bf6 22. b4 gxf4 23. Bxf4 Bg5 24. b5 Ne5 25. h3 Re7 26. bxc6 bxc6 27. c5 Rg7 28. cxd6 Bxf4 29. exf4 Ng6 30. Rb4 Nh4 31. Rf2 Kh8 32. Kh2 Rxg2+ 33. Rxg2 c5 34. Qb2 Nf3+ 35. Kg3 Rg8+ 36. Kxf3 Qxh3+ 37. Ke2 Rxg2+ 38. Kd1 Qh1# 0-1